[Event "22nd Hogeschool Zeeland 2018"]
[Site "Vlissingen"]
[Date "2018.08.07"]
[Round "5"]
[White "Shyaamnikhil, P."]
[Black "Haast, Mark"]
[Result "1/2-1/2"]
[WhiteElo "2389"]
[BlackElo "2350"]
[Annotator "NA"]
[PlyCount "50"]
[EventDate "2018.08.04"]
[EventType "swiss"]
[EventCountry "NED"]
[SourceTitle "playchess.com"]
[Source "ChessBase"]
[SourceQuality "1"]
[TimeControl "40/5400+30:1800+30"]

1. Nf3 {[%emt 0:00:00]} c5 {[%emt 0:13:32]} 2. g3 {[%emt 0:01:04]} g6 {[%emt 0:00:16]} 3. Bg2 {[%emt 0:01:00]} Bg7 {[%emt 0:00:16]} 4. O-O {[%emt 0:00:25]} Nc6 {[%emt 0:00:04]} 5. c4 {[%emt 0:01:34]} e6 {[%emt 0:04:25]} 6. Nc3 {[%emt 0:01:57]} Nge7 {[%emt 0:00:26]} 7. d3 {[%emt 0:09:20]} O-O {[%emt 0:01:24]} 8. Bd2 {[%emt 0:01:27]} b6 {[%emt 0:02:42]} 9. a3 {[%emt 0:03:06]} Bb7 {[%emt 0:02:17]} 10. Rb1 {[%emt 0:01:04]} d6 {[%emt 0:02:46]} 11. b4 {[%emt 0:00:42]} Qd7 {[%emt 0:00:36]} 12. Qc1 {[%emt 0:08:24]} Nf5 {[%emt 0:04:52]} 13. Ne1 {[%emt 0:06:34]} Rac8 {[%emt 0:02:51]} 14. bxc5 {[%emt 0:05:09]} dxc5 {[%emt 0:01:42]} 15. Ne4 {[%emt 0:01:36]} Ncd4 {[%emt 0:01:28]} 16. Qd1 {[%emt 0:00:09]} Bc6 {[%emt 0:00:47]} 17. Nc3 {[%emt 0:00:26]} h6 {[%emt 0:09:43]} 18. a4 {[%emt 0:13:54]} Rfd8 {[%emt 0:03:28]} 19. Nb5 {[%emt 0:04:32]} a6 {[%emt 0:08:57]} 20. Nxd4 {[%emt 0:05:40]} Nxd4 {[%emt 0:00:15]} 21. Bxc6 {[%emt 0:00:08]} Qxc6 {[%emt 0:01:01]} 22. Nc2 {[%emt 0:01:16]} Nf5 {[%emt 0:01:29]} 23. Ne3 {[%emt 0:00:13]} Nd4 {[%emt 0:00:26]} 24. Nc2 {[%emt 0:00:19]} Nf5 {[%emt 0:00:13]} 25. Ne3 {[%emt 0:00:09]} Nd4 {[%emt 0:36:34]} 1/2-1/2

[Event "22nd Hogeschool Zeeland 2018"]
[Site "Vlissingen"]
[Date "2018.08.07"]
[Round "5"]
[White "Gonzales, Jayson"]
[Black "Peek, Marcel"]
[Result "1/2-1/2"]
[WhiteElo "2383"]
[BlackElo "2290"]
[Annotator "TA"]
[PlyCount "80"]
[EventDate "2018.08.04"]
[EventType "swiss"]
[EventCountry "NED"]
[SourceTitle "playchess.com"]
[Source "ChessBase"]
[SourceQuality "1"]

{[%evp 17,80,-71,-78,-101,-83,-76,-82,-101,-31,-52,0,-9,56,0,-20,-24,-28,-43,-41,-45,-27,-105,-111,-126,-125,-118,-98,-110,-126,-106,-70,-70,-81,-77,-77,-75,-20,-28,0,0,-8,-41,-41,-45,-47,-46,-42,-42,-43,-41,-46,-47,-41,-63,-26,-29,-24,-31,0,-18,0,0,-10,-11,0]} 1. Nf3 d5 2. c4 d4 3. b4 g6 4. Bb2 Bg7 5. e3 e5 6. exd4 {A09: Réti Opening: 1 Nf3 d5 2 c4} e4 7. Ne5 f6 8. Ng4 Bxg4 9. Qxg4 f5 {LiveBook: 3 Games} 10. Qd1 Nc6 11. Nc3 Bxd4 12. Qb3 $146 ({Predecessor:} 12. a3 Nf6 13. Be2 Ne5 {0-1 (29) Ehlvest,J (2535)-Romanov,E (2573) Berlin 2015}) 12... Qh4 (12... Nf6 $17 13. c5 a5) 13. g3 Qf6 ({Black should try} 13... Qe7 $15) 14. b5 Nce7 (14... Ne5 $11) 15. c5 ({Better is} 15. O-O-O $14) 15... Qe5 $11 16. c6 bxc6 17. bxc6 Nf6 $36 {[%mdl 2048] Black has some pressure.} 18. Rb1 Kf8 19. Nb5 (19. Ba6 $11) 19... Bxb2 $17 20. Qxb2 Qxb2 ({But not} 20... Nxc6 $6 21. Qc1 $15) 21. Rxb2 Rb8 {...a6 is the strong threat.} 22. Rb3 Nxc6 23. Be2 a6 24. Nxc7 Ke7 25. Nxa6 Rxb3 26. axb3 Nd4 (26... Ra8 $17) 27. Bc4 $11 Ra8 28. d3 {[#]} Nxb3 $1 {[%mdl 512]} 29. dxe4 {[#]} (29. Bxb3 $5 {[%cal Rb3c4]} Rxa6 30. Ke2 $15) 29... Nc5 $1 {[%mdl 512]} 30. exf5 {aiming for 0-0.} (30. Nxc5 Ra1+) 30... Nxa6 31. O-O $1 {Strongly threatening Re1+.} Nc5 32. Re1+ Kf8 33. fxg6 hxg6 34. h4 Ra3 35. Re5 Ncd7 36. Re6 Ra5 37. Kg2 $1 Re5 38. Ra6 {The position is equal.} Re7 39. Bb5 Kf7 40. Bc4+ Kf8 {Precision: White = 76%, Black = 40%.} 1/2-1/2

[Event "22nd Hogeschool Zeeland 2018"]
[Site "Vlissingen"]
[Date "2018.08.07"]
[Round "5"]
[White "Ravi, Teja Sanka"]
[Black "Wan, Yunguo"]
[Result "0-1"]
[WhiteElo "2374"]
[BlackElo "2501"]
[Annotator "TA"]
[PlyCount "42"]
[EventDate "2018.08.04"]
[EventType "swiss"]
[EventCountry "NED"]
[SourceTitle "playchess.com"]
[Source "ChessBase"]
[SourceQuality "1"]

{[%evp 18,42,25,9,35,24,21,-37,-40,-32,-16,-20,-21,-32,-25,-92,-44,-54,-64,-57,-76,-242,-144,-412,-410,-405,-381]} 1. d4 Nf6 2. Nf3 g6 3. c4 Bg7 4. g3 O-O 5. Bg2 d5 6. O-O dxc4 7. Na3 c3 8. bxc3 c5 9. Nc4 Nc6 10. Ba3 {LiveBook: 16 Games} Ne4 {D77: Fianchetto Grünfeld: 6 0-0: Replies other than 6...c6} (10... Nd5 11. Rc1 Nb6 12. Nce5 Nxe5 13. Nxe5 Bxe5 14. dxe5 Qc7 15. Qb3 Be6 16. c4 Qxe5 17. Bb2 Qc7 18. h4 {½-½ (55) Lodhi,M (2334)-Fier,A (2634) Baku 2016}) 11. Qc2 $146 ({Predecessor:} 11. Rc1 Bf5 12. e3 Rc8 13. Nh4 Be6 14. Bxe4 Bxc4 15. Re1 cxd4 16. cxd4 Bd5 17. Bxd5 Qxd5 18. Re2 {1-0 (32) Pezerovic,E (2398)-Bensch,P (2216) Bayern 2007}) 11... Nd6 12. Nce5 (12. Nxd6 $11 exd6 13. Rad1) 12... Nxe5 $1 $15 {Black is slightly better.} 13. dxe5 Qa5 14. Bc1 Nc4 15. Bf4 Qa6 16. Qe4 (16. a4 $11) 16... Rd8 $36 {[%mdl 2048] Black is pushing.} 17. Bg5 f6 18. exf6 exf6 {Hoping for ...Bf5.} 19. Qe7 $2 {[#]} (19. Be3 $17 {was worth a try.}) 19... Bf5 (19... Be6 $19 {aiming for ...Rd7.} 20. Rfd1 Re8 21. Qxc5 Rac8) 20. e4 $2 {[%mdl 8192]} (20. Nh4 $17 Rd7 21. Nxf5 Rxe7 22. Nxe7+ Kf8 23. Nd5) 20... Rd7 $19 ({Inferior is} 20... fxg5 21. exf5 Bf6 22. Qe4 $11) 21. Qxc5 Bf8 {Precision: White = 34%, Black = 87%.} ({Much less strong is} 21... fxg5 22. Nd4 $19) 0-1

[Event "22nd Hogeschool Zeeland 2018"]
[Site "Vlissingen"]
[Date "2018.08.07"]
[Round "5"]
[White "Van der Lende, Ilias"]
[Black "Bressy, Theo"]
[Result "1-0"]
[WhiteElo "2347"]
[BlackElo "2140"]
[Annotator "TA"]
[PlyCount "55"]
[EventDate "2018.08.04"]
[EventType "swiss"]
[EventCountry "NED"]
[SourceTitle "playchess.com"]
[Source "ChessBase"]
[SourceQuality "1"]

{[%evp 13,55,19,21,16,14,-14,-5,0,0,0,33,30,116,107,418,368,384,405,386,362,340,281,337,333,300,149,165,150,147,151,182,135,640,613,610,596,776,661,1082,1082,1387,1129,29995,29996]} 1. e4 g6 2. d4 Bg7 3. Nc3 d6 4. Be3 Nd7 5. Nf3 a6 6. h3 {B06: Modern Defence} (6. Bd3 e6 7. O-O Ne7 8. Ne2 h6 9. Ng3 b6 10. c3 Bb7 11. a4 Kf8 12. Re1 Kg8 13. b4 Kh7 {1-0 (40) Grischuk,A (2750)-Rapport,R (2698) chess.com INT 2017}) 6... b5 7. a4 b4 $1 {[%cal Rb4c3] LiveBook: 4 Games} 8. Nd5 {The position is equal.} a5 9. c3 (9. Bb5 {is more complex.} Bb7 10. Nf4 e6 11. O-O c6 12. Be2) 9... e6 10. Nf4 $1 bxc3 $146 ({Predecessor:} 10... Bb7 11. cxb4 Bxe4 12. bxa5 Rxa5 {0-1 (30) Marchadour,E (2043)-Lagarde,M (2511) Nantes 2013}) 11. bxc3 Ne7 12. Bd3 c5 {[#]} (12... Rb8 $11 {remains equal.}) 13. Ng5 $1 $36 {[%mdl 2048] White is in control.} Bf6 $2 {[%mdl 8192] [#]} (13... cxd4 $16 {is a better chance.} 14. cxd4 O-O) 14. Ngxe6 $1 $18 {[%mdl 512]} fxe6 15. Nxe6 Qb6 {With the idea ...d5.} 16. Rb1 Qa7 {[#]} 17. e5 $1 {[%mdl 512]} Nxe5 (17... dxe5 18. dxc5) 18. dxe5 Bxe5 19. Bb5+ (19. Qb3 $18 {is the precise move to win.}) 19... Kf7 $16 20. Ng5+ Kg7 {[#]} 21. O-O $1 d5 22. Re1 {aiming for Bd4.} ({Don't do} 22. Qf3 $6 Bf6 $14) 22... Bxc3 $2 {[%mdl 8192]} (22... h6 $16) 23. Rc1 Bb4 24. Bf4 Bxe1 25. Qxe1 {Threatening mate with Qe5+.} Ng8 26. Bd6 Nf6 27. Rxc5 Bd7 28. Qe7+ {Precision: White = 60%, Black = 25%.} 1-0

[Event "22nd Hogeschool Zeeland 2018"]
[Site "Vlissingen"]
[Date "2018.08.07"]
[Round "5"]
[White "Mehar, Chinna Reddy CH"]
[Black "Pruijssers, Roeland"]
[Result "1/2-1/2"]
[WhiteElo "2345"]
[BlackElo "2506"]
[Annotator "TA"]
[PlyCount "32"]
[EventDate "2018.08.04"]
[EventType "swiss"]
[EventCountry "NED"]
[SourceTitle "playchess.com"]
[Source "ChessBase"]
[SourceQuality "1"]

{[%evp 10,32,27,10,18,18,21,17,24,12,16,17,16,-12,-10,-8,-6,-87,21,16,15,-56,0,0,11]} 1. d4 f5 2. Bf4 Nf6 3. e3 e6 4. Nf3 b6 5. Bd3 Bb7 6. Nbd2 {LiveBook: 34 Games} Nh5 {A80: Dutch Defence: Unusual White second moves} (6... g6 7. Qe2 Bg7 8. O-O-O O-O 9. c3 d6 10. e4 Qe8 11. Bg3 Bh6 12. Kb1 Nbd7 13. Rhe1 Nh5 14. exf5 exf5 {1-0 (49) Demchenko,A (2649)-Pruijssers,R (2512) Beirut 2017}) 7. Bg5 Be7 $146 ({Predecessor:} 7... Nf6 8. e4 fxe4 9. Nxe4 Be7 10. Qe2 Nd5 11. O-O-O Bxg5+ 12. Nfxg5 Nf4 13. Qg4 Nxd3+ 14. Rxd3 {1-0 (41) Polyakova,N (2066)-Kartanaite,M Kaunas 2012}) 8. Bxe7 Qxe7 9. Qe2 c5 10. O-O-O Nc6 11. Bb5 Nf6 12. dxc5 Qxc5 13. Nc4 (13. Kb1 $11 {keeps the balance.}) 13... Nd5 (13... O-O $17 14. Nd6 a6) 14. Nce5 $11 Nf6 15. Nc4 ({White should try} 15. Bxc6 $11 Bxc6 16. Nxc6 Qxc6 17. Kb1) 15... Nd5 (15... O-O $15 16. Nd6 a6) 16. Nce5 Nf6 {Precision: White = 29%, Black = 55%.} 1/2-1/2

[Event "22nd Hogeschool Zeeland 2018"]
[Site "Vlissingen"]
[Date "2018.08.07"]
[Round "5"]
[White "De Jong, Migchiel"]
[Black "Elgersma, Simon"]
[Result "1-0"]
[WhiteElo "2339"]
[BlackElo "2136"]
[Annotator "TA"]
[PlyCount "151"]
[EventDate "2018.08.04"]
[EventType "swiss"]
[EventCountry "NED"]
[SourceTitle "playchess.com"]
[Source "ChessBase"]
[SourceQuality "1"]

{[%evp 15,151,6,26,-7,32,16,20,-7,12,-6,0,0,0,0,0,-25,19,0,0,0,0,0,0,0,16,0,31,8,0,-58,-61,-41,-46,-52,-48,-82,-93,-100,-108,-106,-102,-97,-100,-108,-98,-332,-332,-286,-274,-307,-317,-320,-309,-316,-315,-365,-354,-598,-610,-583,-559,-433,-328,-348,-99,-100,-107,-100,-100,-107,-107,-120,-99,-108,-120,-136,-7,-131,-93,-251,0,0,0,0,-7,-7,-7,-95,0,-113,0,0,0,0,0,-57,0,0,0,0,0,0,0,0,0,0,0,0,0,0,0,0,0,0,0,0,0,0,2466,0,12843,12843,12844,12845,12845,12845,12850,29982,29983,29983,29983,29984,29984,29985,29984,29984,29991,29992]} 1. e4 e6 2. d4 d5 3. Nc3 Nf6 4. e5 Nfd7 5. f4 c5 6. Nf3 Be7 {C11: French: Classical System: 4 e5 and 4 Bg5 dxe4} (6... Nc6 7. Be3 Be7 8. Qd2 b6 9. Bb5 Bb7 10. O-O a6 11. Bxc6 Bxc6 12. Nd1 Qc7 13. Nf2 O-O-O 14. a4 Kb8 15. b3 Bb7 16. Nd3 {1-0 (60) Aronian,L (2767)-Caruana,F (2822) chess.com INT 2018}) 7. Be3 O-O 8. Qd2 a6 {LiveBook: 4 Games. The position is equal.} 9. Bd3 b5 {[%cal Bb7b5,Bb5b4][%mdl 32]} 10. O-O Nc6 11. Nd1 $146 ({Predecessor:} 11. Be2 Bb7 12. a3 Qb6 13. Rad1 cxd4 14. Nxd4 Bc5 {1-0 (31) Quattrocchi,G-Rebaudo,N ICCF email 1997}) 11... b4 (11... c4 $5 12. Be2 $8 a5 $11) 12. Nf2 a5 (12... c4 $5 13. Be2 $8 a5 $11) 13. c3 Ba6 14. Bxa6 Rxa6 15. Qe2 Ra7 16. cxb4 axb4 17. dxc5 Ra5 18. Nd3 Nxc5 19. Rfc1 {[%cal Rd3c5]} d4 20. Bf2 Qd5 21. Nd2 Rfa8 22. Nc4 (22. Nxc5 $11 Rxc5 23. Rxc5 Bxc5 24. Rc1) 22... Nxd3 $15 23. Qxd3 {And now Nb6 would win.} Rxa2 24. Rxa2 Rxa2 25. Nb6 Qa5 $1 {[%cal Ra5b6]} 26. Qc4 Ra1 $1 27. Qxc6 Rxc1+ 28. Qxc1 Qxb6 29. Qc8+ Bf8 $1 30. Qd7 $2 (30. h3 $17) 30... Qc5 $19 {( -> ...Qc1+)} 31. Bxd4 Qc1+ 32. Kf2 Qxf4+ 33. Kg1 h5 34. h3 Kh7 35. Kh1 g6 36. b3 $2 (36. Qa7) 36... Qf1+ 37. Kh2 Bh6 38. Qa7 Bf4+ 39. g3 Qe2+ $2 (39... Bd2 $19 40. Bf2 Kg7) 40. Bf2 $17 Bxe5 41. Qxf7+ Bg7 42. Kg2 e5 {[%cal Be6e5,Be5e4][%mdl 32]} 43. Qf3 Qc2 44. g4 e4 45. Qe3 {intending gxh5.} Qc6 ({Black should try} 45... hxg4 $17 46. hxg4 Kg8) 46. Qc5 (46. gxh5 $11 {remains equal.} gxh5 47. Qc5 Qg6+ 48. Kh2) 46... Qb7 47. Be3 $2 {[#]} (47. Kg1 $17) 47... Qf7 $2 ({Black should play} 47... hxg4 $1 $19 48. Qg5 gxh3+ 49. Kxh3 Qd7+ 50. Kg2 Qf5) 48. gxh5 $11 Qf3+ ({Don't play} 48... gxh5 49. Kh2 $17) 49. Kh2 gxh5 50. Qg5 Bf6 51. Qg3 (51. Qh6+ $11 {keeps the balance.} Kg8 52. Qg6+ Bg7 53. Bc5) 51... Qf5 (51... Qf1 $17 52. Qf4 Qxf4+ 53. Bxf4 Be7) 52. Kg2 (52. Qc7+ $11 Kg8 53. Qc4+ Kg7 54. Qc7+ Kg6 55. Qc6) 52... h4 (52... Be7 $17 53. Kg1 Qf6) 53. Qg4 Qxg4+ (53... Qe5 {looks sharper.} 54. Bf2 Qg5 55. Be1 Qd5 56. Bxh4 e3+) 54. hxg4 {[%mdl 4096] Endgame KB-KB} Kg6 {Threatens to win with ...Bg5.} 55. Bc5 (55. Bd2 $11) 55... Bc3 (55... Kg5 $15 56. Kh3 Kf4 57. Bxb4 e3) 56. Be3 $1 Kf6 57. Kh3 Be1 58. Bf4 Ke6 59. Kg2 Kd5 60. Be3 Ke5 61. Kh3 Kd5 62. g5 Ke5 63. Kg4 Bg3 64. Bd2 Kd4 65. g6 Be5 66. Bxb4 Kd3 $2 {[%mdl 8192]} (66... Bf6 $11) 67. Be1 $2 ({Only move:} 67. Kxh4 $18 {aiming for Kg4.} Kc2 {[#]} 68. Bd6 $1 {[%mdl 512]}) 67... Ke2 $2 {[%mdl 8192]} (67... e3 $11) 68. Bxh4 $18 Kd3 69. Kf5 Bg7 70. b4 Kc4 71. Kxe4 Kxb4 {White mates.} 72. Kd5 Kb5 73. Ke6 Kc6 74. Kf7 Bh6 {[#]} 75. Bg5 $1 {[%mdl 512]} Kd7 (75... Bxg5 76. g7) 76. Bxh6 {Precision: White = 51%, Black = 45%.} 1-0

[Event "22nd Hogeschool Zeeland 2018"]
[Site "Vlissingen"]
[Date "2018.08.07"]
[Round "5"]
[White "Rijnaarts, Sjef"]
[Black "De Boer, Bas"]
[Result "1/2-1/2"]
[WhiteElo "2339"]
[BlackElo "2129"]
[Annotator "NA"]
[PlyCount "62"]
[EventDate "2018.08.04"]
[EventType "swiss"]
[EventCountry "NED"]
[SourceTitle "playchess.com"]
[Source "ChessBase"]
[SourceQuality "1"]
[TimeControl "40/5400+30:1800+30"]

1. e4 {[%emt 0:06:05]} c5 {[%emt 0:00:00]} 2. Nf3 {[%emt 0:00:10]} e6 {[%emt 0:00:00]} 3. d4 {[%emt 0:00:13]} cxd4 {[%emt 0:00:00]} 4. Nxd4 {[%emt 0:00:05]} Nc6 {[%emt 0:00:00]} 5. Nc3 {[%emt 0:00:08]} Qc7 {[%emt 0:00:02]} 6. Be3 {[%emt 0:00:14]} a6 {[%emt 0:00:07]} 7. Qd2 {[%emt 0:00:34]} Nf6 {[%emt 0:00:31]} 8. f4 {[%emt 0:00:14]} Bb4 {[%emt 0:01:58]} 9. Bd3 {[%emt 0:00:22]} b5 {[%emt 0:01:20]} 10. a3 {[%emt 0:01:09]} Bxc3 {[%emt 0:03:12]} 11. Qxc3 {[%emt 0:01:18]} Bb7 {[%emt 0:01:38]} 12. e5 {[%emt 0:22:01]} Nd5 {[%emt 0:02:38]} 13. Qd2 {[%emt 0:00:31]} Nxf4 {[%emt 0:07:26]} 14. Bxf4 {[%emt 0:10:12]} Nxd4 {[%emt 0:00:07]} 15. Qf2 {[%emt 0:00:13]} Nc6 {[%emt 0:09:44]} 16. O-O {[%emt 0:20:04]} g5 {[%emt 0:21:07]} 17. Bxg5 {[%emt 0:01:56]} Nxe5 {[%emt 0:00:09]} 18. Qf6 {[%emt 0:04:56]} Qc5+ {[%emt 0:05:39]} 19. Kh1 {[%emt 0:00:15]} Rf8 {[%emt 0:02:49]} 20. Rf5 {[%emt 0:04:12]} exf5 {[%emt 0:04:20]} 21. Re1 {[%emt 0:00:26]} Bxg2+ {[%emt 0:01:10]} 22. Kxg2 {[%emt 0:00:14]} Qc6+ {[%emt 0:00:05]} 23. Qxc6 {[%emt 0:00:28]} dxc6 {[%emt 0:00:06]} 24. Rxe5+ {[%emt 0:00:20]} Kd7 {[%emt 0:00:05]} 25. Bxf5+ {[%emt 0:00:32]} Kc7 {[%emt 0:02:48]} 26. Bf4 {[%emt 0:00:53]} Kb6 {[%emt 0:00:09]} 27. Be3+ {[%emt 0:03:44]} Kc7 {[%emt 0:00:39]} 28. Bxh7 {[%emt 0:05:24]} Rh8 {[%emt 0:02:08]} 29. Re7+ {[%emt 0:02:30]} Kd6 {[%emt 0:00:05]} 30. Rxf7 {[%emt 0:00:25]} Ke6 {[%emt 0:00:16]} 31. Rc7 {[%emt 0:01:19]} Kd5 {[%emt 0:35:12]} 1/2-1/2

[Event "22nd Hogeschool Zeeland 2018"]
[Site "Vlissingen"]
[Date "2018.08.07"]
[Round "5"]
[White "Lefebvre, Herve"]
[Black "Romanishin, Oleg M"]
[Result "1/2-1/2"]
[WhiteElo "2304"]
[BlackElo "2441"]
[Annotator "NA"]
[PlyCount "31"]
[EventDate "2018.08.04"]
[EventType "swiss"]
[EventCountry "NED"]
[SourceTitle "playchess.com"]
[Source "ChessBase"]
[SourceQuality "1"]
[TimeControl "40/5400+30:1800+30"]

1. e4 {[%emt 0:00:00]} e5 {[%emt 0:00:00]} 2. Nf3 {[%emt 0:00:00]} Nc6 {[%emt 0:00:00]} 3. d4 {[%emt 0:00:01]} exd4 {[%emt 0:00:00]} 4. Nxd4 {[%emt 0:00:06]} Bc5 {[%emt 0:00:18]} 5. Nb3 {[%emt 0:01:12]} Bb4+ {[%emt 0:02:03]} 6. c3 {[%emt 0:02:46]} Be7 {[%emt 0:00:10]} 7. f4 {[%emt 0:01:13]} d6 {[%emt 0:03:42]} 8. N1d2 {[%emt 0:01:59]} d5 {[%emt 0:23:47]} 9. e5 {[%emt 0:01:08]} Bf5 {[%emt 0:00:29]} 10. Nf3 {[%emt 0:00:36]} Nh6 {[%emt 0:02:31]} 11. Bd3 {[%emt 0:02:34]} O-O {[%emt 0:00:11]} 12. O-O {[%emt 0:00:15]} Qd7 {[%emt 0:01:29]} 13. Be3 {[%emt 0:10:53]} Rad8 {[%emt 0:15:05]} 14. h3 {[%emt 0:14:49]} f6 {[%emt 0:04:55]} 15. Nbd4 {[%emt 0:10:48]} Nxd4 {[%emt 0:04:55]} 16. cxd4 {[%emt 0:49:40]} 1/2-1/2

[Event "22nd Hogeschool Zeeland 2018"]
[Site "Vlissingen"]
[Date "2018.08.07"]
[Round "5"]
[White "Ojas, Kulkarni"]
[Black "Van Foreest, Jorden"]
[Result "0-1"]
[WhiteElo "2256"]
[BlackElo "2636"]
[Annotator "TA"]
[PlyCount "70"]
[EventDate "2018.08.04"]
[EventType "swiss"]
[EventCountry "NED"]
[SourceTitle "playchess.com"]
[Source "ChessBase"]
[SourceQuality "1"]

{[%evp 14,70,26,16,24,11,10,-47,-53,-52,-59,-58,-58,-46,-56,-31,-40,-64,-35,-22,0,-90,-93,-90,-74,-83,-89,-132,-127,-117,-68,-61,-4,-24,0,-93,-82,-126,-116,-141,-119,-1096,-1038,-4990,-4986,-3190,-2918,-1713,-1528,-2889,-2827,-1737,-814,-1712,-1529,-29942,-6720,-29984,-29985]} 1. d4 Nf6 2. c4 b6 3. Nc3 Bb7 4. f3 d5 5. cxd5 Nxd5 6. e4 Nxc3 7. bxc3 e5 {A50: Queen's Fianchetto Defence (1 d4 Nf6 2 c4 b6)} 8. Bc4 {LiveBook: 3 Games} (8. Be3 Be7 9. dxe5 Nd7 10. Qa4 c6 11. Rd1 b5 12. Qb3 Qa5 13. f4 O-O-O 14. Nf3 Nc5 15. Bxc5 Bxc5 {0-1 (58) Ju,W (2583)-Li,C (2720) Beijing 2017}) 8... exd4 9. Qb3 Qd7 $146 {The position is equal.} ({Predecessor:} 9... Qf6 10. cxd4 Nc6 11. Ne2 O-O-O 12. Bxf7 Nxd4 13. Nxd4 Qxd4 14. Rb1 Bc5 15. Rb2 {0-1 (43) Johnson,C (1890)-Orton,W (2165) Stillwater 2012}) 10. Nh3 ({White should play} 10. cxd4 $11 Nc6 11. Ne2) 10... Nc6 $15 {aiming for ...Bc5.} 11. Ng5 {[%cal Rc4f7]} Ne5 {Hoping for ...Bc5.} 12. cxd4 Nxc4 13. Qxc4 a5 {[%cal Ba7a5,Ba5a4][%mdl 32]} 14. Be3 Ba6 15. Qb3 a4 16. Qc2 Be7 (16... f6 $5 17. Nh3 $8 Bd6 $15) 17. Rc1 (17. Kf2 $11) 17... O-O $17 18. Qc6 Qd8 19. Nh3 Ba3 20. Rd1 Qh4+ 21. Kd2 h6 22. Nf4 Qg5 (22... Rfd8 $15) 23. Qc3 c5 {[%cal Bc7c5,Bc5d4,Bd4e3,Be3e2][%mdl 32]} 24. Qxa3 (24. dxc5 $1 $11 {remains equal.} Bxc5 25. h4 Rfd8+ 26. Kc2 Rxd1 27. hxg5 Rxh1 28. Bxc5) 24... cxd4 25. Qb4 Rfd8 $40 {[%mdl 128] Black has strong attack.} ({But not} 25... dxe3+ 26. Kxe3 Rac8 27. h4 $11) 26. h4 {[#]} Qe5 $1 ({Don't play} 26... dxe3+ $6 27. Kxe3 Qe5 28. Nd5 $11) 27. Nd5 $2 {[%mdl 8192]} (27. Rhe1 $17) 27... Rxd5 $1 $19 28. exd5 dxe3+ 29. Kc2 Rc8+ 30. Kb1 e2 31. Rd4 Rc5 32. f4 Qf6 (32... Qf5+ $142 33. Kb2 Rb5 34. Qxb5 Bxb5) 33. Qd2 Bc8 34. Kb2 Rc4 35. Rc1 Rxd4 {Precision: White = 25%, Black = 64%.} 0-1

[Event "22nd Hogeschool Zeeland 2018"]
[Site "Vlissingen"]
[Date "2018.08.07"]
[Round "5"]
[White "Van Dommelen, Martin"]
[Black "Admiraal, Miguoel"]
[Result "0-1"]
[WhiteElo "2192"]
[BlackElo "2479"]
[Annotator "TA"]
[PlyCount "124"]
[EventDate "2018.08.04"]
[EventType "swiss"]
[EventCountry "NED"]
[SourceTitle "playchess.com"]
[Source "ChessBase"]
[SourceQuality "1"]

{[%evp 12,124,-11,-11,-11,-20,-9,-14,22,25,26,10,10,10,0,20,7,15,26,-31,-24,-55,-29,-46,-40,-58,-31,-32,-4,-4,-4,-7,0,-7,-8,0,-6,0,-4,-8,-5,-6,-6,-7,-6,-6,0,0,0,0,3,0,0,0,0,0,0,0,0,0,11,0,0,0,0,0,0,0,0,0,0,0,0,0,0,0,0,0,0,0,0,0,0,-8,0,0,0,0,0,0,0,0,0,-45,-19,-68,-68,-29976,-29977,-29977,-29978,-29978,-29979,-29979,-29980,-29980,-29981,-29981,-29982,-29982,-29983,-29983,-29984,-29984,-29985]} 1. e4 c5 2. Nf3 e6 3. c3 Nf6 4. Bd3 d5 5. Bb5+ Nc6 6. e5 {B40: Sicilian: 2...e6, Unusual lines} Nd7 7. O-O {LiveBook: 9 Games} Qb6 (7... a6 8. Bxc6 bxc6 9. d3 Be7 10. Re1 O-O 11. c4 f6 12. exf6 Bxf6 13. Nc3 {1-0 (37) Rapport,R (2715)-Lenderman,A (2600) Reykjavik 2018}) 8. Ba4 {The position is equal.} c4 $146 ({Predecessor:} 8... Be7 9. d4 O-O 10. Bc2 f6 11. Qd3 f5 12. a3 Qd8 13. b4 cxd4 14. cxd4 Nb6 15. Nbd2 Bd7 16. Bb2 a6 17. Bc3 Na7 18. Rfc1 Nb5 19. Qe3 {½-½ (19) Starostits,I (2497)-Filip,L (2461) Oviedo 2008}) 9. b3 Nc5 10. bxc4 dxc4 11. Na3 Nxa4 12. Qxa4 Qa5 13. Qxa5 Nxa5 14. Nb5 {[#] Strongly threatening Nc7+.} Kd7 15. d3 ({Better is} 15. Ng5 $11) 15... a6 $15 16. Nbd4 h6 17. Rd1 Kc7 18. Be3 cxd3 19. c4 Bd7 20. Rxd3 Be7 21. Rb1 Nxc4 22. Rc1 $132 {[%mdl 2048] White is fighting back} b5 23. Nd2 Rhc8 24. Nxc4 bxc4 25. Rxc4+ Kd8 $1 26. Nc6+ Ke8 27. Rdc3 Bxc6 28. Rxc6 Rxc6 29. Rxc6 $11 {[%mdl 4096] Endgame KRB-KRB} Kd7 30. Rb6 Kc7 31. f4 a5 32. a4 Bb4 33. Kf2 h5 34. Ke2 g6 35. Rb5 Kc6 36. Bd2 Bxd2 37. Kxd2 {KR-KR} Rd8+ 38. Ke3 Rd5 39. Rb1 Rc5 40. Kd3 Rd5+ 41. Kc3 g5 42. g3 gxf4 43. gxf4 Rd8 44. Rb5 Rd1 45. Rxa5 Rf1 46. Ra7 Rxf4 47. Kd3 Kb6 48. Rd7 Rxa4 49. Rxf7 Kc6 50. Ke3 Kd5 51. Rb7 Re4+ 52. Kd3 (52. Kf3 $5 {[%cal Rb7b5]} Rxe5 53. Rd7+ Kc6 54. Rh7 $17) 52... Rxe5 53. Rb5+ Kd6 54. Rxe5 $4 {[%mdl 8192] [#]} (54. Rb8 $15) 54... Kxe5 $15 {KPP-KP. Black mates.} 55. Ke3 Kf5 56. Kf3 h4 57. h3 e5 {[%cal Be6e5,Be5e4,Be4e3][%mdl 32]} 58. Ke3 e4 59. Ke2 Kf4 60. Kf2 e3+ 61. Ke2 Ke4 62. Ke1 Kf3 {Precision: White = 64%, Black = 73%.} 0-1